The physics behind / (Record no. 1680)

MARC details
000 -LEADER
fixed length control field 00440nam a22001697a 4500
005 - DATE AND TIME OF LATEST TRANSACTION
control field 20230309061854.0
008 - FIXED-LENGTH DATA ELEMENTS--GENERAL INFORMATION
fixed length control field 230309b |||||||| |||| 00| 0 eng d
020 ## - INTERNATIONAL STANDARD BOOK NUMBER
International Standard Book Number 978-1-84403-974-6
082 ## - DEWEY DECIMAL CLASSIFICATION NUMBER
Classification number 530 Sw972 2018
100 ## - MAIN ENTRY--PERSONAL NAME
Personal name Swan, Russ
Relator term author
245 ## - TITLE STATEMENT
Title The physics behind /
Statement of responsibility, etc. Russ Swan
260 ## - PUBLICATION, DISTRIBUTION, ETC.
Place of publication, distribution, etc. Great Britain:
Name of publisher, distributor, etc. Cassell,
Date of publication, distribution, etc. c2018
300 ## - PHYSICAL DESCRIPTION
Extent 191p.
Other physical details col. ill.
504 ## - BIBLIOGRAPHY, ETC. NOTE
Bibliography, etc. note Includes index
541 ## - IMMEDIATE SOURCE OF ACQUISITION NOTE
Accession number 6948
650 ## - SUBJECT ADDED ENTRY--TOPICAL TERM
Topical term or geographic name entry element Physics
Holdings
Withdrawn status Lost status Source of classification or shelving scheme Damaged status Not for loan Home library Current library Date acquired Total Checkouts Full call number Barcode Date last seen Copy number Price effective from Koha item type
    Dewey Decimal Classification     ctu-moalboal ctu-moalboal 03/03/2021   530 Sw972 2018 6948 03/09/2023 1 03/09/2023 Books-Reference